000 00405nam a2200133Ia 4500
008 100328s9999 xx 000 0 und d
082 _b35317
100 _aराहुल
245 _aट्रिपल क्रास
260 _bडायमंड पॉकेट बुक्स
630 _aट्रिपल क्रास
730 _aट्रिपल क्रास
942 _cBOOK
999 _c525263
_d525260